000 00623nam a2200229Ia 4500
003 OSt
005 20220928152051.0
006 a|||||r|||| 00| 0
007 ta
008 220927b |||||||| |||| 00| 0 eng d
024 _a143605
037 _cTextual
040 _aSDCL
_cSDCL
_beng
041 _2eng
_aeng
082 _aX:57, L9.1-.2
100 _aSarnat Marshell Ed.
_9518977
245 0 _aInternational finance and trade.2V
260 _c1979
700 _a Szego Giorgio P Ed.
_9457949
942 _hX:57, L9.1-.2
_cTEXL
_2CC
999 _c854141
_d854141